000 00525cam a2200193 4500
001 D3780
008 090401t1983 xxu||||| |||| 00| 0 eng d
035 _a(Sirsi) u74902
041 _aeng
050 _a526.990971
100 _aFillmore, Stanley
245 4 _aThe chartmakers: the history of nautical surveying in Canada
260 _aToronto
_bNC Press Limited in association with The
_c1983
300 _avii. 255p. ill. 22 x 28cm
350 _a0
700 _aSandilands, R.W.
942 _n0
948 _c04/03/1997
999 _c95941
_d95941